000 00704nam a2200217Ii 4500
003 JO-AjNU
008 230605s9999||||xx |||||||||||||| ||und||
017 _a1987/9071
020 _a977-154-026-2
040 _aJO-AjNU
_bara
_erda
_cJO-AjNU
041 _aara
050 1 4 _aPJ7677.B36 1988
100 3 _aتأليف البقري،أحمد ماهر,
_eauthor
_918978
245 0 0 _aالحب المفقود (مجموعة قصصية)
264 3 1 _aالإسكندرية:المكتب الجامعي الحديث،1988
300 _a148ص
336 _atext
_btxt
_2rdacontent
337 _aunmediated
_bn
_2rdamedia
338 _avolume
_bnc
_2rdacarrier
650 4 _aقصص - الحب المفقود
_918979
999 _aA6170
_c9738
_d9738